Reality /

Bibliographic Details
Uniform Title:Reality (Houston, Tex.)
Corporate Author: Esthetic Dentistry Research Group
Format: Journal
Language:English
Published: Houston, TX : Reality Pub. Co.
Subjects:
Online Availability: Check for online availability

MARC

Tag First Indicator Second Indicator Subfields
LEADER 00000cas a2200000 a 4500
001 in00005663821
008 881207c19869999txutr p 0 a0eng c
005 20250922172422.4
010 |a sn 88003419  
035 |a (OCoLC)ocm18854318  
040 |a NSD  |b eng  |c NSD  |d OCL  |d NLM  |d AU@  |d OCLCQ  |d OCLCF  |d OCLCO  |d OCLCQ  |d OCLCO  |d OCLCA  |d OCLCL 
012 |i 9006  |l 1 
016 7 |a 9007559  |2 DNLM 
016 7 |a SR0064807  |2 DNLM 
022 0 |a 1041-8199  |l 1041-8199  |2 1 
035 |a (OCoLC)18854318 
042 |a nsdp  |a pcc 
060 0 0 |a W1  |b RE105GF 
082 1 0 |a 617  |2 11  |1 https://id.oclc.org/worldcat/ddc/E3YM8MMTVgYPgDmxF4cHh8XGcP 
130 0 |a Reality (Houston, Tex.) 
210 0 |a Reality  |b (Houst. Tex.) 
222 0 |a Reality  |b (Houston, Tex.) 
245 1 0 |a Reality /  |c edited by EDRG, Esthetic Dentistry Research Group. 
260 |a Houston, TX :  |b Reality Pub. Co. 
300 |a volumes :  |b portraits 
310 |a Three no. a year 
336 |a text  |b txt  |2 rdacontent 
337 |a unmediated  |b n  |2 rdamedia 
338 |a volume  |b nc  |2 rdacarrier 
362 1 |a Began in 1986. 
588 |a Description based on: Vol. 3, no. 4, c1988. 
588 |a Latest issue consulted: Vol. 4, no. 1, c1989. 
650 0 |a Dental instruments and apparatus  |v Periodicals. 
650 2 |a Dental Instruments. 
650 2 |a Dental Materials. 
650 2 |a Esthetics, Dental. 
650 7 |a Dental instruments and apparatus.  |2 fast  |0 (OCoLC)fst00890494 
655 2 |a Periodical. 
655 7 |a Periodicals.  |2 fast  |0 (OCoLC)fst01411641 
710 2 |a Esthetic Dentistry Research Group.  |1 https://id.oclc.org/worldcat/entity/E39QH7JmqPJV3kVtBK8JJm6KM6 
770 0 |t Reality now (Houston, Tex.)  |x 1041-8253  |w (DLC)sn 88003418  |w (OCoLC)18854407 
776 0 8 |i Online version:  |t Reality (Houston, Tex.)  |w (OCoLC)760042436 
850 |a DNLM 
029 1 |a AU@  |b 000006240969 
029 1 |a NLM  |b 9007559 
994 |a Z0  |b TMV 
948 |h NO HOLDINGS IN TMV - 25 OTHER HOLDINGS 
999 f f |s 2a8436ac-dd67-4397-9fa9-e13f359a9d48  |i 65c6e79a-8912-45c9-b225-f52c5bf557a5  |t 0 
952 f f |p ric  |a Texas A&M University  |b Rellis Campus  |c Joint Library Facility  |d Remote Storage  |t 0  |i unmediated -- volume  |k v.5:no.1  |l 1990  |m A14852342105 
952 f f |p ric  |a Texas A&M University  |b Rellis Campus  |c Joint Library Facility  |d Remote Storage  |t 0  |i unmediated -- volume  |k v.3  |l 1988  |m A14852342071 
952 f f |p ric  |a Texas A&M University  |b Rellis Campus  |c Joint Library Facility  |d Remote Storage  |t 0  |i unmediated -- volume  |k v.4:no.1  |l 1989  |m A14852342147 
952 f f |p ric  |a Texas A&M University  |b Rellis Campus  |c Joint Library Facility  |d Remote Storage  |t 0  |i unmediated -- volume  |k v.4:no.3  |l 1989  |m A14852342121 
952 f f |p ric  |a Texas A&M University  |b Rellis Campus  |c Joint Library Facility  |d Remote Storage  |t 0  |i unmediated -- volume  |k v.6:no.1  |l 1991  |m A14852342097 
952 f f |p ric  |a Texas A&M University  |b Rellis Campus  |c Joint Library Facility  |d Remote Storage  |t 0  |i unmediated -- volume  |k v.5:no.2  |l 1990  |m A14852342113 
952 f f |p ric  |a Texas A&M University  |b Rellis Campus  |c Joint Library Facility  |d Remote Storage  |t 0  |i unmediated -- volume  |k v.6:no.2  |l 1991  |m A14852342089 
952 f f |p ric  |a Texas A&M University  |b Rellis Campus  |c Joint Library Facility  |d Remote Storage  |t 0  |i unmediated -- volume  |k v.4:no.2  |l 1989  |m A14852342139 
998 f f |s v.3(1988)-v.5:no.2(1990),v.8:no.1(1991)-v.8:no.2(1991)  |t 0  |l Remote Storage